<?xml version="1.0" encoding="UTF-8"?><?xml-stylesheet type="text/xsl" href="static/style.xsl"?><OAI-PMH xmlns="http://www.openarchives.org/OAI/2.0/" xmlns:xsi="http://www.w3.org/2001/XMLSchema-instance" xsi:schemaLocation="http://www.openarchives.org/OAI/2.0/ http://www.openarchives.org/OAI/2.0/OAI-PMH.xsd"><responseDate>2026-04-17T16:11:58Z</responseDate><request verb="GetRecord" identifier="oai:www.recercat.cat:20.500.12694/7453" metadataPrefix="marc">https://recercat.cat/oai/request</request><GetRecord><record><header><identifier>oai:recercat.cat:20.500.12694/7453</identifier><datestamp>2026-01-01T05:31:27Z</datestamp><setSpec>com_2072_179042</setSpec><setSpec>col_2072_484474</setSpec></header><metadata><record xmlns="http://www.loc.gov/MARC21/slim" xmlns:dcterms="http://purl.org/dc/terms/" xmlns:xsi="http://www.w3.org/2001/XMLSchema-instance" xmlns:doc="http://www.lyncode.com/xoai" xsi:schemaLocation="http://www.loc.gov/MARC21/slim http://www.loc.gov/standards/marcxml/schema/MARC21slim.xsd">
   <leader>00925njm 22002777a 4500</leader>
   <datafield ind2=" " ind1=" " tag="042">
      <subfield code="a">dc</subfield>
   </datafield>
   <datafield ind2=" " ind1=" " tag="720">
      <subfield code="a">Melero Aragoneses, Alejandro</subfield>
      <subfield code="e">author</subfield>
   </datafield>
   <datafield ind2=" " ind1=" " tag="260">
      <subfield code="c">2020-06</subfield>
   </datafield>
   <datafield ind2=" " ind1=" " tag="520">
      <subfield code="a">Les noves tecnologies, entre les que s’inclouen els videojocs, porten anys introduint-se a les aules d’escoles d’arreu del món. Això no implica que s’hagi fet de la manera més idònia, ni que siguin recursos útils en educació. Durant el segle passat, la teoria d’aprenentatge predominant va ser el conductisme, i això va influir en la manera d’implementar aquestes tecnologies. En aquest estudi intentarem discernir si hi ha exemples de videojocs constructivistes, que s’allunyin del plantejament històricament predominant, i intentarem aportar indicadors fiables per a la selecció de videojocs útils pel procés d’ensenyament-aprenentatge.</subfield>
   </datafield>
   <datafield ind2=" " ind1=" " tag="520">
      <subfield code="a">Las nuevas tecnologías, entre las que se incluyen los videojuegos, llevan años introduciéndose en las aulas de escuelas de todo el mundo. Eso no implica que se haya hecho de la manera más idónea, ni que sean recursos útiles en educación. Durante el siglo pasado, la teoría de aprendizaje predominante fue el conductismo, y eso influyó en la manera de implementar estas tecnologías. En el presente estudio intentaremos discernir si hay ejemplos de videojuegos constructivistas, que se alejen del planteamiento predominante históricamente, e intentaremos aportar indicadores fiables para la selección de videojuegos útiles para el proceso de enseñanza-aprendizaje.</subfield>
   </datafield>
   <datafield ind2=" " ind1=" " tag="520">
      <subfield code="a">New technologies, including video games, have been introduced in school classrooms around the world for years. This does not imply that they have been implemented in the most suitable way, nor that they are useful resources in education. During the last century, the predominant learning theory was behaviorism, and that influenced how these technologies were implemented. In the present study, we will try to discern if there are examples of constructivist video games that are not aligned with behaviorist principles, and we will try to provide reliable indicators for the selection of useful video games for the teaching-learning process.</subfield>
   </datafield>
   <datafield ind1="8" ind2=" " tag="024">
      <subfield code="a">http://hdl.handle.net/20.500.12694/7453</subfield>
   </datafield>
   <datafield tag="653" ind2=" " ind1=" ">
      <subfield code="a">TFG Pedagogia</subfield>
   </datafield>
   <datafield tag="653" ind2=" " ind1=" ">
      <subfield code="a">Jocs educatius</subfield>
   </datafield>
   <datafield tag="653" ind2=" " ind1=" ">
      <subfield code="a">Videojocs en l'ensenyament</subfield>
   </datafield>
   <datafield tag="653" ind2=" " ind1=" ">
      <subfield code="a">Educació--Efecte de les innovacions tecnològiques</subfield>
   </datafield>
   <datafield tag="653" ind2=" " ind1=" ">
      <subfield code="a">Tecnologia educativa</subfield>
   </datafield>
   <datafield ind2="0" ind1="0" tag="245">
      <subfield code="a">Videojuegos (útiles) en el aula: validación de una herramienta de evaluación de videojuegos educativos</subfield>
   </datafield>
</record></metadata></record></GetRecord></OAI-PMH>